00839nam a22002297a 450000500170000001000150001702000270003203500140005903700100007308200110008310000360009424500990013026000300022927000610025930000180032049000500033870000410038876000060042994200250043599900190046095201300047920250912145359.0 aENG-146844 a9788178246956c1095.00 aEN-130376 bDBAD  a954.32 aVenkateswaran, Mrinalini985035 aCompelled to CollectbMuseums and the race for india's national past/cMrinalini Venkateswaran aRanikhetbParmanant black a'Himalayana' Mall Road, Ranikhet canttbRanikhete263645 a280p.c23(hb) aHedgehog and Fox, History and Politics Series aMukherjee, RudrangshueEditor985036 b1 2ddccENh954.32mVEN c213425d213425 001040708NFICaZLSbZLSd2025-09-12eDBADg1095.00l0o954.32 VENpEN-130376r2025-09-12 00:00:00v1095.00w2025-09-12yEN